MDQL
is popping MORE tags! Check the
thread
!
Quizzes
Events
Quiz Creation
Community
Videos
Private Events
Remove Ads
Sign In
Join for FREE
Feedback
Dark Mode
Quiz Categories
Sports
Geography
Music
Movies
Television
Just For Fun
Miscellaneous
History
Literature
Language
Science
Gaming
Entertainment
Religion
Holiday
For Kids
Quiz Lab
Recent
Popular Today
Quiz Kudos Today
Editor Picks
Curator Picks
Quizzes by...
Day
Popularity
Type
Ratings
Length
Year
Community
Subscriptions
Recent Discussions
Orange Saloon
Badges
Playlists
Quests
Create
Leaderboards
Showdown
Live 5
Trivia Bingo
Activity
Puzzle Library
Sporcle Events
Private Events
Virtual Trivia
Globe League
Become a Host
Pub Owners
SporcleCon
Opinionation
Our Games
Videos
Blog
Mobile Apps
Partnerships
Remove Ads and Go Orange
Feedback
Sports
Athletes
MLB
NBA
NHL
NFL
Soccer
Sports Teams
WWE
NCAA
Football
Premier League
Basketball
Baseball
Hockey
Golf
Tennis
Cricket
Rugby
Auto Racing
Olympics
World Cup
Sports
Athletes
MLB
NBA
NHL
NFL
Soccer
Sports Teams
WWE
NCAA
Football
Premier League
Basketball
Baseball
Hockey
Golf
Tennis
Cricket
Rugby
Auto Racing
Olympics
World Cup
Random Quiz
Search Sporcle
×
Quiz Lab
Quiz Lab
Sports
NBA
Type in answers that appear in a list
Type in answers that appear in a list
Classic
Best Score? Go Orange.
NBA Hometown's Stats
Can you guess where the NBA player is from?
By
jfeld5
3m
20 Questions
6,433 Plays
6,433 Plays
6,433 Plays
Comments
Comments
Give Quiz Kudos
Give Quiz Kudos
-
- Ratings
hide this ad
More Info
Replay
Link that replays current quiz
Next Quiz
Link to next quiz in quiz playlist
You Got
0%
They Got
Avg Score
50%
Avg Friend Score
Upgrade to see
Score Distribution
Jump to the score distribution portion of the page
Score
0/20
Timer
03:00
0
Plays Today
Hometown
Answer
% Correct
Chicago, Illinois
Wade
85.1%
Akron, Ohio
James
82.6%
Chicago, Illinois
Rose
77.3%
Wurzberg, Germany
Nowitzki
76%
Atlanta, Georgia
Howard
57.1%
Akron, Ohio
Curry
55.3%
Anchorage, Alaska
Chalmers
55%
New York, New York
Anthony
52.7%
Bahia Blanca, Argentina
Ginobili
45%
Winston-
Salem, North Carolina
Paul
43.8%
Hometown
Answer
% Correct
Freehold, New Jersey
Smith
43.4%
Sao Carlos, Brazil
Nene
41.6%
Puerto Plata, Domincan Republic
Horford
41.3%
Toronto, Canada
Bennett
40.2%
Baltimore, Maryland
Gay
39.9%
Lisieux, France
Batum
37.4%
Brazzaville, Congo
Ibaka
35.9%
Barcelona, Spain
Rubio
31%
Oakland, California
Lillard
30.1%
Johannesburg, South Africa
Nash
29.5%
Quiz Playlist
Details
Report
Send in Message
Add To Playlist
More Info:
Only have to type in last name for each player
Classic:
Type in answers that appear in a list
Quiz Source
Last Updated: May 31, 2017
Quiz Scoreboard
CHALLENGE
Sign Up to Join the Scoreboard
Show All
Scores
Hide
Comments
May contain spoilers
Recently Published
Colored Red Africa Blitz
by spor1
Geography
30s
Find the 'City' Movie
by crazypaving
Movies
60s
5x2 Blitz: Bands
by SL_Kpop136
Music
30s
More to Explore
Quiz From the Vault
Featured Blog Post
14 Easter Pick-up Lines to Find Eggs With
hide this ad
You Might Also Like...
Tags
Basketball Quiz
NBA Quiz
Hall of Fame
NBA Player
NBA Points
NBA Team Leaders
NBA Teams
Professional Athletes
Sportscenter
Sports ESPN
Sports Fanbases
Sports Franchise
Today's Top Quizzes in Sports
Browse Sports
hide this ad
Today's Top Quizzes in NBA
Browse NBA
Top Contributed Quizzes in Sports
1
Les entraîneurs de l'OM et du PSG au 21e siècle
2
Les meilleurs buteurs des matchs entre le PSG et l’OM
3
Les joueurs passés par le PSG et l'OM
4
Players with Multiple 50 Home Run Seasons
5
2022 World Cup Stars
6
Criteria MLB: Left Handed Sluggers
7
NBA Logic Puzzle 2.0
8
MLB Players with Two .350 Batting Average Seasons
9
Top 10 NHL Goal Scorers of All Time
10
Les joueurs passés par le LOSC et le RC Lens
Explore More
Trending Topics
Kpop
NBA
Crossword
Anime
Harry Potter
Marvel
Disney
Country
NFL
Puzzle
The Office
Pokémon
Song
WWE
Soccer
hide this ad
More By:
jfeld5
Quiz
Plays
Rating
Category
Featured
Created
NBA Hometown's
6,433
3.40
Sports
Feb 27, 2014
Lowest paid 2014 NBA All-Stars
345
4.40
Sports
Mar 1, 2014
Old School/New School NBA Guard and Big Man duo's
278
2.13
Sports
Feb 27, 2014
Go to Creator's Profile
Score Distribution
Quiz Creator Spotlight
jfeld5
Follow
Send a Message
Quizzes Created
-
Created Quiz Play Count
-
More By This Creator
Popular Quizzes Today
1
Colored Red Africa Blitz
2
Find the 'City' Movie
3
5x2 Blitz: Bands
4
Find the US States - No Outlines Minefield
5
The Countries of the World
6
Find the US States
7
US States
8
Find the Countries of Europe - No Outlines Minefield
More Sports Quizzes
Last 5 Tottenham Hotspur Winning XI's at Leicester City
Quiz Lab
Trending Quizzes
Colored Red Europe Blitz I
Colored Red Europe Blitz II
Colored Red Africa Blitz II
Colored Red Europe Blitz III
Colored Red Africa Blitz III
Recently Updated
How Do You Spell That?
pecheneg
Godzilla Movies
pecheneg
Grab Bag: 4-10 Letters
pecheneg
2024 March Madness Bracket
pecheneg
Famous TV Couples
Peacemaker
Champions League XIs: Real Madrid
pecheneg
Largest US Cities 1790-2010
pecheneg
Rides in Walt Disney World
pecheneg
Most Oscar Losses (Acting)
pecheneg
Beyoncé Albums
pecheneg
Trending Topics
Kpop
Disney
Marvel
Harry Potter
Crossword
Anime
NBA
Country
Pokémon
WWE
Song
NFL
Puzzle
The Office
Soccer
Your Account Isn't Verified!
In order to create a playlist on Sporcle, you need to verify the email address you used during registration. Go to your
Sporcle Settings
to finish the process.
Report this User
Report this user for behavior that violates our
Community Guidelines
.
Details:
Send Report
Go to the Sporcle.com Mobile Site →
Comments